| 000 | 00988nam a2200289 i 4500 | ||
|---|---|---|---|
| 001 | 18445 | ||
| 003 | ES-MaACL | ||
| 005 | 20251001194556.0 | ||
| 007 | t| | ||
| 008 | 011107s1996 ag ||||1| spa d | ||
| 020 | _a950-02-8456-1 | ||
| 080 | _a82.09"19" | ||
| 080 | _a929:82"19"(049.3) | ||
| 245 | 0 | 0 |
_aConfesiones de escritores. _pNarradores 1 _b: los reportajes de The Paris Review / _cLouis-Ferdinand Céline ... [et al.] ; prólogo de Luis Chitarroni. |
| 250 | _a1ª ed. | ||
| 260 |
_aBuenos Aires : _bEl Ateneo, _c[1996] |
||
| 300 |
_aIX, 175 p. : _bil. ; _c23 cm. |
||
| 490 | 1 | _aGrandes reportajes | |
| 650 | 4 |
_aEscritores- _yS.XX- _vEntrevistas. _912381 |
|
| 650 | 4 |
_aLiteratura- _yS.XX- _xHistoria y crítica. _9139829 |
|
| 700 | 1 |
_aCéline, Louis-Ferdinand, _d1894-1961 _937358 |
|
| 700 | 1 |
_aChitarroni, Luis. _938566 |
|
| 730 | 0 |
_aParis review. _9123688 |
|
| 830 | 0 |
_aGrandes reportajes _9180447 |
|
| 852 |
_aES-MaACL _jL-25068 _bR.130516 |
||
| 999 |
_c18445 _d18445 |
||